000
00442nam a2200145Ia 4500
008
100122s9999 xx 000 0 und d
082
_b
18073
_a
823
100
_a
मंगळवेढेकर राजा
245
_a
सिध्दार्थ
260
_b
प्रेस्टीज प्रकाशन
_c
1905
300
_a
133
630
_a
सिध्दार्थ
730
_a
सिध्दार्थ
942
_c
BOOK
999
_c
407594
_d
407591